| 000 | nam a22 a 4500 | ||
|---|---|---|---|
| 999 |
_c4010 _d4010 |
||
| 003 | AKMAL | ||
| 005 | 20170524154815.0 | ||
| 008 | 170524s2000 my 00 may d | ||
| 020 |
_a9679933644 (kkt.) : _cRM17.00 |
||
| 040 |
_aAKMAL _cAKMAL |
||
| 082 | 0 | 4 | _a808.51 MAI |
| 090 | 0 | 0 |
_a808.51 _bMAI |
| 100 | 0 |
_aMaimunah Osman _9485 |
|
| 245 | 1 | 0 |
_aPengucapan awam yang berkesan / _cMaimunah Osman |
| 260 |
_aKuala Lumpur : _bInstitut Tadbiran Awam Negara, _c2000 |
||
| 300 | 0 | 0 |
_ax, 104ms. : _bil. ; _c21cm |
| 440 | 0 |
_aSiri pengurusan INTAN _9890 |
|
| 504 | _aBibliografi: ms. 103-104 | ||
| 650 | 0 |
_aPublic speaking _9488 |
|
| 942 |
_2ddc _cBOOK |
||